000
00309nam a22001337a 4500
008
260424b ||||| |||| 00| 0 eng d
020
_a
9789951926201
041
_a
eng
080
_8
821.18
_a
821.18
100
_a
40
101
_a
Poezi
245
_a
Endërrat janë fiksion
_c
Vehbi Miftari
942
_2
udc
_c
BK
999
_c
60994
_d
60994